000
00279nam a22001097a 4500
008
170125b xxu||||| |||| 00| 0 eng d
020
_a
9780323031332
041
_a
eng
080
_2
3RD
_a
618.2
245
_a
NURSING THEORY UTILIZATION & APPLICATION
_c
ALLIGOOD, M.R
942
_2
udc
_c
BK
999
_c
3568
_d
3568